[Event "Lippe Cup-C 08th"]
[Site "Lieme"]
[Date "2011.10.28"]
[Round "1"]
[White "Diekmann, Frederik"]
[Black "Sadek, Etienne"]
[Result "0-1"]
[WhiteElo "1112"]
[BlackElo "1336"]
[PlyCount "90"]
[EventDate "2011.10.28"]
[EventType "swiss"]
[EventRounds "5"]
[EventCountry "GER"]
[SourceTitle "EXT 2012"]
[Source "ChessBase"]
[SourceDate "2011.11.24"]
[SourceVersion "1"]
[SourceVersionDate "2011.11.24"]
[SourceQuality "1"]

1. e4 b6 2. d4 Bb7 3. Nc3 e6 4. Nf3 Nf6 5. Bg5 Be7 6. e5 Nd5 7. Bxe7 Qxe7 8. Bc4 Nxc3 9. bxc3 Qa3 10. Qd3 c6 11. 0-0 b5 12. Bxb5 cxb5 13. Qxb5 Qa6 14. Rab1 Qxb5 15. Rxb5 Bxf3 16. gxf3 0-0 17. Rb7 Rd8 18. Rd1 Nc6 19. d5 Nxe5 20. dxe6 dxe6 21. Rxd8+ Rxd8 22. f4 Ng6 23. Rxa7 Nxf4 24. f3 g6 25. Kf2 Rc8 26. Ra3 g5 27. c4 Rb8 28. c5 Nd5 29. c6 Kg7 30. c4 Ne7 31. c7 Rc8 32. Ra7 Nc6 33. Rb7 Na5 34. Rb5 Nxc4 35. Rc5 Nb6 36. Rc6 Nd5 37. a4 Rxc7 38. Rxc7 Nxc7 39. a5 Kf6 40. Ke3 Ke5 41. Kd3 Kd5 42. Ke3 f5 43. f4 g4 44. Kf2 h5 45. Kg2 Ke4 0-1

[Event "Lippe Cup 04th"]
[Site "Lieme"]
[Date "2007.09.30"]
[Round "4"]
[White "Nolte, Wilhelm"]
[Black "Sadek, Etienne"]
[Result "1-0"]
[WhiteElo "1626"]
[BlackElo "1252"]
[PlyCount "45"]
[EventDate "2007.09.28"]
[EventType "swiss"]
[EventRounds "5"]
[EventCountry "GER"]
[SourceTitle "EXT 2012"]
[Source "ChessBase"]
[SourceDate "2011.11.24"]
[SourceVersion "1"]
[SourceVersionDate "2011.11.24"]
[SourceQuality "1"]

1. e4 e5 2. Nc3 Nc6 3. Bc4 d6 4. f4 Nf6 5. Nf3 Bg4 6. 0-0 Nd4 7. d3 c6 8. fxe5 dxe5 9. Bxf7+ Kxf7 10. Nxe5+ Kg8 11. Nxg4 Be7 12. Nxf6+ Bxf6 13. Ne2 h6 14. Nxd4 Bxd4+ 15. Kh1 Kh7 16. c3 Be5 17. d4 Bc7 18. Qg4 Rf8 19. Bf4 Rf7 20. Bxc7 Qxc7 21. Rf3 Raf8 22. Raf1 Rf4 23. Rxf4 1-0

[Event "Lippe Cup 04th"]
[Site "Lieme"]
[Date "2007.09.29"]
[Round "2"]
[White "Radde, Horst"]
[Black "Sadek, Etienne"]
[Result "1-0"]
[WhiteElo "1749"]
[BlackElo "1252"]
[PlyCount "81"]
[EventDate "2007.09.28"]
[EventType "swiss"]
[EventRounds "5"]
[EventCountry "GER"]
[SourceTitle "EXT 2012"]
[Source "ChessBase"]
[SourceDate "2011.11.24"]
[SourceVersion "1"]
[SourceVersionDate "2011.11.24"]
[SourceQuality "1"]

1. a3 d5 2. d3 Nc6 3. e3 e5 4. Nd2 Nf6 5. c4 dxc4 6. Nxc4 Be6 7. Qa4 Qd7 8. Nf3 Bd6 9. Be2 0-0 10. 0-0 a6 11. Nxd6 Qxd6 12. b4 b5 13. Qc2 Rac8 14. Bb2 Bg4 15. h3 Bh5 16. Rac1 Bxf3 17. Bxf3 Ne7 18. Rfd1 c6 19. Qc5 Qxc5 20. Rxc5 Nd7 21. Rc2 Rc7 22. d4 exd4 23. exd4 Rfc8 24. Rdc1 Nf6 25. g4 Nfd5 26. g5 g6 27. h4 Nf5 28. Bxd5 Rd8 29. Bg2 Nxh4 30. Rxc6 Rcd7 31. Rc8 Kf8 32. Rxd8+ Rxd8 33. Bb7 Nf5 34. Rc8 Rxc8 35. Bxc8 Ke7 36. Bxa6 f6 37. gxf6+ Kxf6 38. d5+ Ke7 39. Bxb5 Kd6 40. Bc6 Ne7 41. b5 1-0